Faculty of Law Library — Cairo University

Official Online Catalog

الحماية الجنائية الموضوعية للحق في حرمة المحتدثات الشخصية : (Record no. 64005)

MARC details
000 -LEADER
fixed length control field 03993nam a2200469 4500
003 - CONTROL NUMBER IDENTIFIER
control field EG-GICUC
005 - أخر تعامل مع التسجيلة
control field 20260222121609.0
008 - FIXED-LENGTH DATA ELEMENTS--GENERAL INFORMATION
fixed length control field 260222s2025 ua ||||fr|||| 000 0 ara d
040 ## - CATALOGING SOURCE
Original cataloguing agency EG-GICUC
Transcribing agency EG-GICUC
Modifying agency EG-GICUC
Description conventions rda
Language of cataloging: ara
041 0# - LANGUAGE CODE
Language code of text/sound track or separate title ara
Language code of sung or spoken text ara
049 ## - Acquisition Source
Acquisition Source إيداع
082 04 - DEWEY DECIMAL CLASSIFICATION NUMBER
Classification number 343.11224
Edition number 21
097 ## - Degree
Degree Ph.D
099 ## - LOCAL FREE-TEXT CALL NUMBER (OCLC)
Local Call Number Law 10 PHD 2025
100 0# - MAIN ENTRY--PERSONAL NAME
Authority record control number or standard number السيد محمدين الدمتناوي
Preparation مؤلف.
245 10 - TITLE STATEMENT
Title الحماية الجنائية الموضوعية للحق في حرمة المحتدثات الشخصية :
Remainder of title دراسة مقارنة /
Statement of responsibility, etc. إعدادفيصل السيد محمدين الدمتناوي ؛ إشراف الأستاذ الدكتور أحمد عوض بلال.
264 #0 - PRODUCTION, PUBLICATION, DISTRIBUTION, MANUFACTURE, AND COPYRIGHT NOTICE
Place of production, publication, distribution, manufacture القاهرة :
Name of producer, publisher, distributor, manufacturer كلية الحقوق - جامعة القاهرة,
Date of production, publication, distribution, manufacture, or copyright notice 2025.
300 ## - PHYSICAL DESCRIPTION
Extent 320 صفحة :
Dimensions 30 سم.
336 ## - CONTENT TYPE
Content type term text
Source rda content
337 ## - MEDIA TYPE
Media type term Computer
Source rda media
338 ## - CARRIER TYPE
Carrier type term Online Resource
Source rda carrier
502 ## - DISSERTATION NOTE
Dissertation note أطروحة (دكتوراة)-جامعة القاهرة، كلية الحقوق، قسم القانون الجنائي، 2025.
504 ## - BIBLIOGRAPHY, ETC. NOTE
Bibliography, etc. note يشتمل على إرجاعات بيبليوجرافية: 274-311
520 3# - SUMMARY, ETC.
Summary, etc. تناول الباحث في موضوع الحماية الجنائية الموضوعية للحق في حرمة المحادثات الشخصية دراسة مقارنة ، وقد قسم الباحث رسالته إلى مقدمة وفصل تمهدي وبابين رئيسيين وخاتمة وقد التناول في المقدمة : موضوع البحث وأهمية البحث ومنهج البحث وخطة البحث .<br/><br/>وقد خصص الفصل التمهيدي لدراسة حرمة المحادثات الشخصية كأحد عناصر الحق في الخصوصية وتناول الباحث في الباب الأول : جرائم التعدى على المحادثات الشخصية في التشريعات التقليدية.<br/><br/>وقد خصص الباب الثاني: لدراسة جرائم التعدى على المحادثات الشخصية في التشريعات الحديثة<br/>وعقب ذلك تناول الباحث في خاتمة الدارسة مجموعة من النتائج والتوصيات .
520 3# - SUMMARY, ETC.
Summary, etc. The researchers' discussion on the topic of the objective criminal protection of the right to the sanctity of personal conversations is a comparative study. The researchers have divided their work into an introduction, an introductory chapter, the main chapters, and the conclusion.<br/><br/>Introduction: The introduction covers the topic of the research, its importance, methodology, and research plan.<br/><br/>The introductory chapter is devoted to studying the sanctity of personal conversations as one of the elements of the right to privacy.<br/><br/>The first chapter analyzes crimes of trespassing on personal conversations in traditional legislation.<br/><br/>The second chapter is devoted to studying crimes of violating the sanctity of personal conversations in modern laws.<br/><br/>Following the discussions at the end of the course, I will discuss the results and recommendations.
546 ## - LANGUAGE NOTE
Text Language النص بالعربية والملخص باللغة الإنجليزية والعربية.
650 04 - SUBJECT ADDED ENTRY--TOPICAL TERM
Topical term or geographic name entry element القانون الجنائي
653 #0 - INDEX TERM--UNCONTROLLED
Uncontrolled term الظروف المشددة
653 #0 - INDEX TERM--UNCONTROLLED
Uncontrolled term العقوبات الأصلية
653 #0 - INDEX TERM--UNCONTROLLED
Uncontrolled term نقل المحادثات
653 #0 - INDEX TERM--UNCONTROLLED
Uncontrolled term تسجيل المحادثات
653 #0 - INDEX TERM--UNCONTROLLED
Uncontrolled term استراق السمع
653 #0 - INDEX TERM--UNCONTROLLED
Uncontrolled term الحق في الخصوصية
653 #0 - INDEX TERM--UNCONTROLLED
Uncontrolled term المحادثات الشخصية
655 #4 - INDEX TERM--GENRE/FORM
Genre/form data or focus term رسائل جامعية
Geographic subdivision جامعة القاهرة
700 0# - ADDED ENTRY--PERSONAL NAME
Personal name أحمد عوض بلال
Relator term مشرف.
710 2# - ADDED ENTRY--CORPORATE NAME
Corporate name or jurisdiction name as entry element جامعة القاهرة
Subordinate unit كلية الحقوق
856 ## - ELECTRONIC LOCATION AND ACCESS
Uniform Resource Identifier <a href="https://fll.law.cu.edu.eg/fulltext/th/T10-04324.pdf">https://fll.law.cu.edu.eg/fulltext/th/T10-04324.pdf</a>
900 ## - Thesis Information
Grant date 2025
Universities جامعة القاهرة
Faculties كلية الحقوق
Department قسم القانون الجنائي
905 ## - Cataloger and Reviser Names
Cataloger Name: Hoda
942 ## - ADDED ENTRY ELEMENTS (KOHA)
Source of classification or shelving scheme Dewey Decimal Classification
Suppress in OPAC No
Koha item type Thesis
Edition 21
Holdings
Source of classification or shelving scheme Collection Home library Current library Date acquired Full call number Barcode Date last seen Copy number Effective from Koha item type
Dewey Decimal Classification القانون الجنائي جــــامعة القــاهرة مكتبة كلية الحقوق - المبنى الرئيسي 22.02.2026 Law1 10 PHD 2025 1004324 C1 T10-04324 22.02.2026 1 22.02.2026 Thesis
Dewey Decimal Classification القانون الجنائي جــــامعة القــاهرة مكتبة كلية الحقوق - المبنى الرئيسي 22.02.2026 Law1 10 PHD 2025 1004325 C2 T10-04325 22.02.2026 2 22.02.2026 Thesis
Dewey Decimal Classification القانون الجنائي جــــامعة القــاهرة مكتبة كلية الحقوق - فـرع الشيخ زايد 22.02.2026 Law2 10 PHD 2025 1004326 C3 T10-04326 22.02.2026 3 22.02.2026 Thesis

© All rights reserved — Faculty of Law, Cairo University